Central Library OPAC University of Rajshahi

The sentence and its parts : (Record no. 7845)

MARC details
000 -LEADER
fixed length control field 00936cam a22003011 4500
001 - CONTROL NUMBER
control field 7845
003 - CONTROL NUMBER IDENTIFIER
rucl marc code BD-RjUL
005 - DATE AND TIME OF LATEST TRANSACTION
control field 20211208234503.0
008 - FIXED-LENGTH DATA ELEMENTS--GENERAL INFORMATION
fixed length control field 140116s1961 ilu b 001 0 eng
035 ## - SYSTEM CONTROL NUMBER
System control number (OCoLC)316854
System control number (OCoLC)ocm00316854
System control number (CStRLIN)NYCG86-B56410
System control number (BD-RjUL)7889
System control number (NNC)478979
040 ## - CATALOGING SOURCE
Transcribing agency ODaWU
Modifying agency MdBJ
-- CStRLIN
-- PPT
-- NNC
Original cataloging agency BD-RjUL
Language of cataloging eng
041 ## - LANGUAGE CODE
Language code of text/sound track or separate title eng
082 ## - DEWEY DECIMAL CLASSIFICATION NUMBER
Edition number 22
Classification number 401.41
Author mark and year LOS 1965
090 ## - LOCALLY ASSIGNED LC-TYPE CALL NUMBER (OCLC); LOCAL CALL NUMBER (OCLC)
Classification number (OCLC) (R) ; Classification number, CALL (RLIN) (NR) PE1105
Local cutter number (OCLC) ; Book number/undivided call number, CALL (RLIN) .L66 1961
100 1# - MAIN ENTRY--PERSONAL NAME
Personal name Long, Ralph B.,
Dates associated with a name 1906-1976.
9 (RLIN) 24463
245 14 - TITLE STATEMENT
Title The sentence and its parts :
Remainder of title a grammar of contemporary English /
Statement of responsibility, etc. Ralph B Long
260 ## - PUBLICATION, DISTRIBUTION, ETC. (IMPRINT)
Place of publication, distribution, etc. Chicago :
Name of publisher, distributor, etc. University of Chicago Press ,
Date of publication, distribution, etc. c1961 [3rd. imp. 1965].
300 ## - PHYSICAL DESCRIPTION
Pagination 528 p. ;
Size 21 cm.
504 ## - BIBLIOGRAPHY, ETC. NOTE
Bibliography, etc Bibliography: p. 514-516. and index.
650 #0 - SUBJECT ADDED ENTRY--TOPICAL TERM
Topical term or geographic name as entry element English language
General subdivision Grammar.
9 (RLIN) 24464
942 ## - ADDED ENTRY ELEMENTS (KOHA)
Source of classification or shelving scheme Dewey Decimal Classification
Koha item type Books
Holdings
Lost status Source of classification or shelving scheme Damaged status Not for loan Collection code Permanent Location Current Location Shelving location Date acquired Source of acquisition Cost, normal purchase price Total Checkouts Full call number Date last seen Copy number Koha item type
  Dewey Decimal Classification   Not For Loan Non-fiction Central Library, University of Rajshahi Central Library, University of Rajshahi   23/10/1968 Zeitlinger 54.00   401.41 LOS 1965 16/01/2014 C-1 Books
  Dewey Decimal Classification     Non-fiction Central Library, University of Rajshahi Central Library, University of Rajshahi   23/10/1968 Zeitlinger 54.00   401.41 LOS 1965 27/08/2016 C-2 Books
  Dewey Decimal Classification     Non-fiction Central Library, University of Rajshahi Central Library, University of Rajshahi   23/10/1968 Zeitlinger 54.00   401.41 LOS 1965 27/08/2016 C-3 Books